13 Princesas Disney - Estadísticas

Estadísticas generales
  • Esta prueba ha sido intentada 438 veces
  • La puntuación promedio es 11 de 13
Estadísticas de respuestas
Año Princesa % Correcto
1937 Blancanieves
99%
1950 Cenicienta
97%
1959 Aurora
96%
1989 Ariel
95%
1991 Bella
95%
1998 Mulán
92%
1995 Pocahontas
90%
2010 Rapunzel
83%
2016 Vaiana
82%
1992 Jasmín
80%
2012 Mérida
80%
2009 Tiana
80%
2021 Raya
53%
No se encontraron pruebas coincidentes
Distribución de puntuación
Porcentaje de gente con cada puntuación
Porcentaje por número respondido
Historial de tus puntuaciones
No has intentado esta prueba.